| 000 | 01708nam a2200325 a 4500 | ||
|---|---|---|---|
| 001 | ASIN1741044820 | ||
| 005 | 20170105102926.0 | ||
| 008 | 131211s2007 xxu eng d | ||
| 020 |
_a1741044820 (paperback) _c$35.99 |
||
| 020 | _a9781741044829 (paperback) | ||
| 040 | _a0 | ||
| 082 |
_a916.0433 _bAFR 2007 |
||
| 100 | 1 | _aPitcher, Gemma. | |
| 245 | 0 | 0 |
_aLonely planet africa / _cGemma Pitcher, David Andrew, Tim Bewer, Jean-Bernard Carillet, Anthony Ham, Vesna Maric, Nick Ray, Brendan Sainsbury, Jenny Walker, Vanessa Wruble. |
| 250 | _a11 Anv ed. | ||
| 260 |
_a[S.l.] : _bLonely Planet, _c2007. |
||
| 300 |
_a1184 p. ; _c20 cm. |
||
| 520 | _aDiscover Africa Watch the sun set over the Niger at Mopti, where Malians trade fish for salt with the desert Tuareg. Wake up to the tug of a trunk as elephants wander through your campsite in the Serengeti National Park. Dip your oar quietly into the Okavango Delta as you drift towards a pride of lions lounging on the water's edge. In This Guide: 24 authors, 49 countries, 1 delicious giant rat. Covering more countries than any other Africa travel guide. Feature chapter on Africa's development by veteran Africa journalist and best-selling author Michela Wrong. Visit lonelyplanet.com for up-to-the-minute reviews, updates, and traveler suggestions. | ||
| 700 | 1 | _aAndrew, David. | |
| 700 | 1 | _aBewer, Tim. | |
| 700 | 1 | _aCarillet, Jean-Bernard. | |
| 700 | 1 | _aHam, Anthony. | |
| 700 | 1 | _aMaric, Vesna. | |
| 700 | 1 | _aRay, Nick. | |
| 700 | 1 | _aSainsbury, Brendan. | |
| 700 | 1 | _aWalker, Jenny. | |
| 700 | 1 | _aWruble, Vanessa. | |
| 856 | 4 | 0 |
_3Amazon.com _uhttp://www.amazon.com/exec/obidos/ASIN/1741044820/chopaconline-20 |
| 942 |
_2ddc _cBK |
||
| 999 |
_c15807 _d15807 |
||